Tổng tập văn học dân gian người Việt

সংরক্ষণ করুন:
গ্রন্থ-পঞ্জীর বিবরন
প্রধান লেখক: Trung tâm KHXH và NVQG
বিন্যাস: গ্রন্থ
ভাষা:Undetermined
প্রকাশিত: H. KHXH 2003
বিষয়গুলি:
ট্যাগগুলো: ট্যাগ যুক্ত করুন
কোনো ট্যাগ নেই, প্রথমজন হিসাবে ট্যাগ করুন!
Thư viện lưu trữ: Trung tâm Học liệu Trường Đại học Cần Thơ
LEADER 00526nam a2200181Ia 4500
001 CTU_59708
008 210402s9999 xx 000 0 und d
082 |a 398.209597 
082 |b Tr513/T17 
100 |a Trung tâm KHXH và NVQG 
245 0 |a Tổng tập văn học dân gian người Việt 
245 0 |c Trung tâm KHXH và NVQG 
260 |a H. 
260 |b KHXH 
260 |c 2003 
650 |a folk literature, vietnamese 
904 |i Minh 
980 |a Trung tâm Học liệu Trường Đại học Cần Thơ